[Event "SVR-op"]
[Site "Heimbach Weis"]
[Date "2014.04.13"]
[Round "3"]
[White "Mehlem, Sabine"]
[Black "Dreher, Heini"]
[Result "1-0"]
[WhiteElo "1559"]
[BlackElo "1417"]
[PlyCount "49"]
[EventDate "2014.04.11"]
[EventType "swiss"]
[EventRounds "7"]
[EventCountry "GER"]
[SourceTitle "CBM 160 Extra"]
[Source "ChessBase"]
[SourceDate "2014.07.01"]
[SourceVersion "1"]
[SourceVersionDate "2014.07.01"]
[SourceQuality "1"]

1. d4 g6 2. e3 Bg7 3. Bd3 Nf6 4. Nd2 0-0 5. f4 d5 6. Ngf3 Nc6 7. c3 Bg4 8. 0-0 a6 9. Qe1 b5 10. Qg3 Qc8 11. Ne5 Nxe5 12. fxe5 Nh5 13. Qf2 c5 14. Nf3 c4 15. Bc2 f5 16. h3 Bxh3 17. gxh3 f4 18. Qg2 Ng3 19. Re1 Ne4 20. exf4 Qb7 21. Nh2 e6 22. Bxe4 dxe4 23. Qxe4 Qxe4 24. Rxe4 Bh6 25. Bd2 1-0

[Event "SVR-op 36th"]
[Site "Idar Oberstein"]
[Date "2013.03.28"]
[Round "5"]
[White "Ley, Sabrina"]
[Black "Dreher, Heini"]
[Result "1-0"]
[WhiteElo "1336"]
[BlackElo "1196"]
[PlyCount "97"]
[EventDate "2013.03.23"]
[EventType "swiss"]
[EventRounds "7"]
[EventCountry "GER"]
[SourceTitle "EXT 2014"]
[Source "ChessBase"]
[SourceDate "2013.11.20"]
[SourceVersion "1"]
[SourceVersionDate "2013.11.20"]
[SourceQuality "1"]

1. e4 c5 2. Nc3 d6 3. f4 Nf6 4. Nf3 Nc6 5. d3 g6 6. g3 Bg7 7. Bg2 Bg4 8. h3 Bd7 9. 0-0 Qc8 10. Kh2 h5 11. Ne2 Ng4+ 12. Kg1 Nh6 13. Kh2 Nd4 14. Nexd4 Ng4+ 15. hxg4 hxg4+ 16. Nh4 cxd4 17. Qe2 Bf6 18. Qf2 Qc5 19. Rh1 0-0-0 20. Kg1 Rh5 21. Bd2 Rdh8 22. Rd1 Be6 23. Qe1 g5 24. Nf5 Rxh1+ 25. Bxh1 gxf4 26. Bxf4 Bxf5 27. exf5 Qxf5 28. Qe4 Qb5 29. b3 Qd7 30. Qd5 e5 31. Bd2 Rh3 32. Bg2 Rxg3 33. Kh2 Rxg2+ 34. Kxg2 Bg7 35. Rf1 f5 36. Bb4 f4 37. Qxd6 Qxd6 38. Bxd6 Kd7 39. Bb8 a5 40. Re1 Ke6 41. Bc7 Bf6 42. Bxa5 Bh4 43. Rh1 f3+ 44. Kf1 Bf6 45. Kf2 Bg5 46. Kg3 Kf5 47. Rh5 Kg6 48. Kxg4 f2 49. Rxg5+ 1-0